Регионална библиотека "Любен Каравелов" - Русе

Методически указания за съставяне на план - конспект и водене записки на лекции (Запис номер 451735)

MARC детайли
000 -Лидер
Контролно поле с фиксирана дължина nam a22 a 4500
003 - Код на организацията, давaща контролен номер
Контролно поле BLK
005 - Дата и час на последна редакция
Контролно поле 20220401091543.0
008 - Елементи от данни с фиксирана дължина
fixed length control field 220401b bul|||||r ||||||| ||bul||
040 ## - Източник на каталожния запис
Идентификатор на билиотеката - собственик на записа BLK
041 ## - Код за език
Код за езика на текст/звукозапис или на отделно заглавие Български
Код за езика КДБФ Български
080 ## - УДК
Текстов определител УДК Организация на обучението - висше образование
УДК код - определител по УДК 378.1
УДК определител (075)
УДК - код + определител 378.1(075)
100 ## - Редна дума - Автор
Автор Русев, Руси Димитров
Авторска отговорност първи автор
Пълна форма на името филолог ; преподавател в РУ А. Кънчев - Русе
R(LIN) 366768
Титли или други наименования, свързани с автора филолог ; преподавател в РУ А. Кънчев - Русе
139 ## - Редно поле
Редна дума Русев, Руси Димитров
245 10 - Сведения за заглавието
Заглавие Методически указания за съставяне на план - конспект и водене записки на лекции
Подзаглавни данни Методическо ръководство за студенти
Редно поле (дума) Руси Димитров Русев.
257 ## - Страна на издаване
Страна на създаване/издаване България
260 ## - Област на издателските данни
Място на издаване, разпространение и проч. Русе
Име на издателя, разпространителя и проч. ВТУ Ангел Кънчев
Година на издаване 1981
9 (RLIN) 211908
300 ## - Физическа характеристика
Страници 27 с.
Размери/Мащаб 20 см
380 ## - Жанр
Жанр Обществени науки
650 #0 - Допълнително описание по предмет – тема
Основно описание – тема или топоним Наука - организация и управление
9 (RLIN) 322654
653 #7 - Ключова дума – ненормативна
Ключова дума план-конспекти
9 (RLIN) 193836
653 #0 - Ключова дума – ненормативна
Ключова дума методическо ръководство
9 (RLIN) 467016
852 ## - Местоположение
Форматна сигнатура Цб 115235
Фондова буква Хранилище
999 ## - СИСТЕМНИ КОНТРОЛНИ НОМЕРА
Koha biblionumber 451735
Koha biblioitemnumber 451735
942 ## - АРТИКУЛИ
Вид на библиотечния материал Книги
Скрит в OPAC Не
Koha issues (borrowed), all copies 2
Периодичен библиозапис Да
944 ## - СЪЗДАВАНЕ И РЕДАКЦИЯ на ЗАПИСА
Създаване/Редакция Създаване
Дата на регистрацията/редакция 2022-04-01
Служител, извършил регистрацията/редакцията ГГГ
999 ## - СИСТЕМНИ КОНТРОЛНИ НОМЕРА
Koha biblioitemnumber 451735
Наличности
Код за отписване Код за изгубен артикул Източник на класификационната схема Код за повреда Коз за рестрикции Код за отдаване Артикулен № Име на библиотеката - собственик Име на библиотеката, в която се намира в момента Статус (Текущо местоположение) Дата на вписване в системата Местоположение - отдел Цена в лева Инвентарен номер Систематично азбучна сигнатура Баркод Цена в евро Служебен тип на артикула
  Не е изгубен Universal Decimal Classification Не е повреден само за читалня ползва се в читалня 880027 Регионална библиотека "Любен Каравелов" Русе Регионална библиотека "Любен Каравелов" Русе Хранилище 2022-04-04 Хранилище 0.15 345267 Цб 115235 120000345267 0.08 Книги
Vip Innovations Ltd, Rousse, Bulgaria 2025